[Event "IECG CP.1999.P.00026"]
[Site "IECG email"]
[Date "1999.10.01"]
[Round "?"]
[White "Jones, Malcolm"]
[Black "Hamill, Gerry"]
[Result "1-0"]
[WhiteElo "906"]
[BlackElo "800"]
[PlyCount "53"]
[EventDate "1999.10.01"]
[EventType "tourn (corr)"]
[EventRounds "6"]
[EventCountry "NED"]
[SourceTitle "Corr 2008"]
[Source "ChessBase"]
[SourceDate "2008.06.24"]
[SourceVersion "1"]
[SourceVersionDate "2008.06.24"]
[SourceQuality "1"]

1. e4 e5 2. Nf3 Nc6 3. Bb5 a6 4. Bxc6 dxc6 5. 0-0 Bd6 6. d4 exd4 7. Qxd4 f6 8. e5 c5 9. Qe3 fxe5 10. Nxe5 Be7 11. Qb3 Nh6 12. Bxh6 Rf8 13. Bxg7 Rf5 14. Qg8+ Bf8 15. Bxf8 Rxe5 16. Bg7+ Ke7 17. Bf6+ Kxf6 18. Qxd8+ Kf7 19. Qh8 Re7 20. Qxh7+ Kf8 21. Qh8+ Kf7 22. Nc3 Ke6 23. Rfe1+ Kd6 24. Rxe7 Kxe7 25. Nd5+ Kd6 26. Rd1 c6 27. Nb6+ 1-0

[Event "IECG CP.1999.P.00026"]
[Site "IECG email"]
[Date "1999.10.01"]
[Round "?"]
[White "Schalkwijk, Peter H"]
[Black "Hamill, Gerry"]
[Result "1-0"]
[WhiteElo "1680"]
[BlackElo "800"]
[PlyCount "61"]
[EventDate "1999.10.01"]
[EventType "tourn (corr)"]
[EventRounds "6"]
[EventCountry "NED"]
[SourceTitle "Corr 2008"]
[Source "ChessBase"]
[SourceDate "2008.06.24"]
[SourceVersion "1"]
[SourceVersionDate "2008.06.24"]
[SourceQuality "1"]

1. d4 d5 2. Nf3 Nc6 3. c4 Nf6 4. cxd5 Nxd5 5. e4 Ndb4 6. d5 e5 7. dxc6 Qxd1+ 8. Kxd1 f6 9. cxb7 Bxb7 10. Nc3 0-0-0+ 11. Nd2 Bc5 12. f3 Rd7 13. a3 Nc6 14. Bb5 Rhd8 15. b4 Bd4 16. Kc2 a6 17. Bc4 Kb8 18. Rd1 Be3 19. Nb3 Bf2 20. Rxd7 Rxd7 21. Bb2 g5 22. Nd5 Rd6 23. Rd1 f5 24. exf5 Bc8 25. f6 Bf5+ 26. Kd2 Nd8 27. Bxe5 Rc6 28. Na5 Re6 29. Bxc7+ Kc8 30. Bxd8 Kxd8 31. f7 1-0

[Event "IECG QN.1999.0.00075"]
[Site "IECG email"]
[Date "1999.08.27"]
[Round "?"]
[White "Hamill, Gerry"]
[Black "Che Hassan, Nurul Atiqah"]
[Result "1-0"]
[WhiteElo "800"]
[BlackElo "800"]
[PlyCount "51"]
[EventDate "1999.08.27"]
[EventType "tourn (corr)"]
[EventRounds "6"]
[SourceTitle "Corr 2008"]
[Source "ChessBase"]
[SourceDate "2008.06.24"]
[SourceVersion "1"]
[SourceVersionDate "2008.06.24"]
[SourceQuality "1"]

1. e4 c5 2. Nf3 Nc6 3. Nc3 d6 4. d3 Nf6 5. d4 e6 6. h3 cxd4 7. Nxd4 a6 8. Nxc6 bxc6 9. Qf3 Bb7 10. Be3 Be7 11. 0-0-0 0-0 12. e5 Nd5 13. Nxd5 cxd5 14. Qg3 dxe5 15. Bh6 Bf6 16. Bd3 Qb6 17. c3 Kh8 18. Bg5 Bxg5+ 19. Qxg5 Qxf2 20. Qxe5 Qh4 21. Rhf1 Rab8 22. g3 Qxh3 23. Rh1 Qg4 24. Rxh7+ Kg8 25. Rdh1 Rfd8 26. Rh8# 1-0